00293nam a2200109Ia 4500008004100000041000800041082001500049100002400064245002900088260005400117300001200171231228s1997 xx 000 0 und d aeng a5.432bSTE aSTEVENS (Richard W) aUNIX Network Programming aNew DelhibPrentice Hall of India New Delhic1997 axi, 772